[Event "Moscow op-A 19th"]
[Site "Moscow"]
[Date "2023.07.18"]
[Round "2"]
[White "Grigorjev, Iljya"]
[Black "Sviridov, Vladislav"]
[Result "1-0"]
[WhiteElo "2428"]
[BlackElo "2046"]
[PlyCount "119"]
[EventDate "2023.07.17"]
[EventType "swiss"]
[EventRounds "9"]
[EventCountry "RUS"]
[SourceTitle "CBM 215 Extra"]
[Source "ChessBase"]
[SourceDate "2023.09.30"]
[SourceVersion "1"]
[SourceVersionDate "2023.09.30"]
[SourceQuality "1"]

1. d4 d5 2. c4 c6 3. Nf3 Nf6 4. e3 Bf5 5. Nh4 e6 6. Nc3 Bg6 7. Bd2 Nbd7 8. Nxg6 hxg6 9. Qb3 Qb6 10. cxd5 Qxb3 11. axb3 exd5 12. Bd3 Bd6 13. Ke2 0-0 14. h4 Rfe8 15. Kf3 Bb4 16. Be1 a6 17. g4 Nf8 18. g5 N6h7 19. Kg4 f5+ 20. gxf6 gxf6 21. h5 gxh5+ 22. Rxh5 Rad8 23. Bf5 Re7 24. Bd2 Rg7+ 25. Kf3 Rg5 26. Rah1 Rxh5 27. Rxh5 Ng5+ 28. Ke2 Nge6 29. Rh1 Ng7 30. Bh3 Kf7 31. Na4 Bd6 32. b4 Ng6 33. Kd3 Rh8 34. Nc5 Bxc5 35. bxc5 f5 36. Kc3 Ne6 37. f4 Nef8 38. Kb4 Nd7 39. Ka5 Rh5 40. Be1 Kf6 41. Bg3 Ne7 42. Rh2 Kg6 43. Bf1 Rxh2 44. Bxh2 Ng8 45. b4 Kh5 46. Bg3 Kg4 47. Be1 Nh6 48. Bd3 Kf3 49. Bd2 Kf2 50. Bc1 Kf3 51. Bxa6 bxa6 52. Kxa6 Ng4 53. Kb7 Nxe3 54. Bxe3 Kxe3 55. Kxc6 Nf8 56. Kxd5 Kxf4 57. c6 Ng6 58. Kd6 Nh8 59. c7 Nf7+ 60. Ke7 1-0

[Event "Moscow op-A 17th"]
[Site "Moscow"]
[Date "2021.02.24"]
[Round "5"]
[White "Korovko, Iakov1111"]
[Black "Sviridov, Vladislav"]
[Result "0-1"]
[WhiteElo "1606"]
[BlackElo "2123"]
[PlyCount "56"]
[EventDate "2021.02.20"]
[EventType "swiss"]
[EventRounds "9"]
[EventCountry "RUS"]
[SourceTitle "CBM 200 Extra"]
[Source "ChessBase"]
[SourceDate "2021.03.31"]
[SourceVersion "1"]
[SourceVersionDate "2021.03.31"]
[SourceQuality "1"]

1. e4 e5 2. Nf3 Nf6 3. Nxe5 d6 4. Nf3 Nxe4 5. Nc3 Nf6 6. d4 Be7 7. Bd3 c6 8. h3 Nbd7 9. 0-0 Nb6 10. Ne2 c5 11. c3 c4 12. Bxc4 Nxc4 13. Qa4+ Bd7 14. Qxc4 0-0 15. d5 Qa5 16. Re1 Rfc8 17. Qd4 b5 18. Ng3 Qd8 19. Bg5 h6 20. Bxf6 Bxf6 21. Qf4 Be7 22. Re4 a5 23. Nd4 g6 24. Rae1 Bf8 25. Ne6 Bxe6 26. dxe6 Qe7 27. Ne2 f5 28. Qh4 fxe4 0-1

[Event "Moscow op-A 17th"]
[Site "Moscow"]
[Date "2021.02.22"]
[Round "3"]
[White "Ivannikov, Maksim"]
[Black "Sviridov, Vladislav"]
[Result "1-0"]
[WhiteElo "1763"]
[BlackElo "2123"]
[PlyCount "61"]
[EventDate "2021.02.20"]
[EventType "swiss"]
[EventRounds "9"]
[EventCountry "RUS"]
[SourceTitle "CBM 200 Extra"]
[Source "ChessBase"]
[SourceDate "2021.03.31"]
[SourceVersion "1"]
[SourceVersionDate "2021.03.31"]
[SourceQuality "1"]

1. e4 e6 2. d4 d5 3. Nd2 Nf6 4. e5 Nfd7 5. Bd3 c5 6. c3 Nc6 7. Ngf3 Qb6 8. 0-0 cxd4 9. cxd4 Nxd4 10. Nxd4 Qxd4 11. Nf3 Qb6 12. Qa4 a6 13. Be3 Qd8 14. Qc2 g6 15. Rac1 Bg7 16. Bg5 f6 17. exf6 Bxf6 18. Bh6 Kf7 19. Rfe1 Re8 20. Qb3 Qb6 21. Qa4 e5 22. Rxc8 Raxc8 23. Qxd7+ Re7 24. Qxc8 e4 25. Qf8+ Ke6 26. Qg8+ Rf7 27. Bxe4 dxe4 28. Rxe4+ Kd5 29. Qxf7+ Kxe4 30. Qc4+ Kf5 31. g4# 1-0

[Event "Moscow op-A 17th"]
[Site "Moscow"]
[Date "2021.02.21"]
[Round "2"]
[White "Sviridov, Vladislav"]
[Black "Boktaev, Adyan"]
[Result "0-1"]
[WhiteElo "2123"]
[BlackElo "1808"]
[PlyCount "102"]
[EventDate "2021.02.20"]
[EventType "swiss"]
[EventRounds "9"]
[EventCountry "RUS"]
[SourceTitle "CBM 200 Extra"]
[Source "ChessBase"]
[SourceDate "2021.03.31"]
[SourceVersion "1"]
[SourceVersionDate "2021.03.31"]
[SourceQuality "1"]

1. e4 c6 2. d4 d5 3. Nc3 dxe4 4. Nxe4 Bf5 5. Ng3 Bg6 6. h4 h6 7. Nf3 Nd7 8. h5 Bh7 9. Bd3 Bxd3 10. Qxd3 e6 11. Bf4 Ngf6 12. 0-0-0 Be7 13. Kb1 a5 14. Ne4 Nxe4 15. Qxe4 Nf6 16. Qe2 a4 17. c4 a3 18. b3 Qa5 19. Ne5 Rc8 20. Bd2 Bb4 21. Bxb4 Qxb4 22. Rhe1 0-0 23. g4 b5 24. Qd2 Qxd2 25. Rxd2 Rfd8 26. f3 Nd7 27. Red1 Nb6 28. Rd3 Rc7 29. Kc2 f6 30. Ng6 bxc4 31. bxc4 Nxc4 32. Rb1 Nd6 33. Rxa3 Nb5 34. Rd3 Rcd7 35. Rb4 Nxd4+ 36. Kb2 c5 37. Rb6 e5 38. Rc3 Rc7 39. a4 c4 40. Rb4 Kf7 41. f4 e4 42. Re3 Re8 43. Kc3 Rd7 44. Rxc4 Red8 45. Rxe4 Nf3 46. Rc6 Rd3+ 47. Kb4 R3d7 48. a5 Nd4 49. Rb6 Nc2+ 50. Ka4 Rd3 51. Re7+ Kg8 0-1

[Event "Moscow op-A 17th"]
[Site "Moscow"]
[Date "2021.02.20"]
[Round "1"]
[White "Zulpikarov, Ruslan"]
[Black "Sviridov, Vladislav"]
[Result "1-0"]
[WhiteElo "1647"]
[BlackElo "2123"]
[PlyCount "133"]
[EventDate "2021.02.20"]
[EventType "swiss"]
[EventRounds "9"]
[EventCountry "RUS"]
[SourceTitle "CBM 200 Extra"]
[Source "ChessBase"]
[SourceDate "2021.03.31"]
[SourceVersion "1"]
[SourceVersionDate "2021.03.31"]
[SourceQuality "1"]

1. e4 e6 2. d4 d5 3. exd5 exd5 4. Nf3 Bd6 5. Bd3 Ne7 6. c3 c6 7. Bg5 f6 8. Bh4 Bf5 9. Bg3 0-0 10. Nh4 Bxd3 11. Qxd3 Re8 12. 0-0 Na6 13. Nd2 Bxg3 14. Qxg3 Qd7 15. Rfe1 Nc7 16. Re3 Nb5 17. Rae1 Nd6 18. Qf3 Ng6 19. Nxg6 hxg6 20. Nf1 Nc4 21. Rxe8+ Rxe8 22. Rxe8+ Qxe8 23. b3 Nd6 24. Qg3 Ne4 25. Qe3 Kf7 26. f3 Nd6 27. Kf2 Qe6 28. Ng3 g5 29. Qxe6+ Kxe6 30. Ke3 f5 31. Ne2 f4+ 32. Kd2 Kf5 33. Nc1 g4 34. Nd3 gxf3 35. gxf3 Nf7 36. a4 g5 37. h3 Nd6 38. a5 Kg6 39. a6 Kh5 40. Ne5 bxa6 41. Nxc6 Kh4 42. Ne7 Kxh3 43. Nxd5 Kg2 44. Ke2 Nf5 45. Nf6 Ng3+ 46. Kd3 Kxf3 47. d5 Nf5 48. Ne4 g4 49. Nd2+ Kg3 50. Nc4 Kg2 51. Nd2 f3 52. Ke4 Nd6+ 53. Kf4 f2 54. c4 Nb7 55. Kxg4 f1Q 56. Nxf1 Kxf1 57. Kf3 Ke1 58. Ke3 a5 59. Kd4 Kd2 60. c5 Kc2 61. c6 Nd6 62. Ke5 Nc8 63. d6 Kxb3 64. d7 Ne7 65. Kd6 Nxc6 66. Kxc6 a4 67. d8Q 1-0

[Event "RUS-chT Clubs U18"]
[Site "Rybinsk"]
[Date "2009.08.09"]
[Round "8"]
[White "Buharin, Anton"]
[Black "Sviridov, Vladislav"]
[Result "1/2-1/2"]
[WhiteElo "2063"]
[BlackElo "2201"]
[PlyCount "114"]
[EventDate "2009.08.02"]
[EventType "team-swiss"]
[EventRounds "9"]
[EventCountry "RUS"]
[SourceTitle "CBM 131 Extra"]
[Source "ChessBase"]
[SourceDate "2009.09.03"]
[SourceVersion "2"]
[SourceVersionDate "2009.09.16"]
[SourceQuality "1"]

1. d4 d5 2. Nf3 Nf6 3. c4 c6 4. Nc3 e6 5. e3 Nbd7 6. Qc2 Bd6 7. Bd3 e5 8. cxd5 cxd5 9. Nb5 Bb8 10. dxe5 Nxe5 11. Nxe5 Bxe5 12. f4 Bb8 13. Qc5 a6 14. Qa3 Qe7 15. Bd2 Qxa3 16. Nxa3 0-0 17. 0-0 Re8 18. Rac1 Ba7 19. Rfe1 Bd7 20. h3 Bc6 21. Nc2 Bb5 22. Bxb5 axb5 23. a3 Re4 24. g3 Rc4 25. b3 Rc6 26. Nb4 Rxc1 27. Bxc1 Bc5 28. Bb2 Bxb4 29. axb4 Ne4 30. Rd1 Rd8 31. Kg2 f5 32. Be5 Kf7 33. Rc1 Rd7 34. g4 g6 35. Kf3 Ke6 36. Ke2 Ng5 37. gxf5+ Kxf5 38. h4 Nf7 39. Bd4 Ke6 40. Rc8 Rd8 41. Rc5 Nd6 42. Be5 Nf5 43. Rxb5 Rd7 44. Rb6+ Kf7 45. Rb5 Nxh4 46. Rc5 Nf5 47. b5 d4 48. exd4 Nxd4+ 49. Bxd4 Rxd4 50. Rc7+ Kf6 51. Rxh7 Rxf4 52. Ke3 Rb4 53. Rxb7 Kf5 54. b6 Kg4 55. Rb8 g5 56. b7 Rxb3+ 57. Ke4 Kg3 1/2-1/2

[Event "Izmailov Memorial op 13th"]
[Site "Tomsk"]
[Date "2009.07.01"]
[Round "8"]
[White "Aketayeva, Dana"]
[Black "Sviridov, Vladislav"]
[Result "1/2-1/2"]
[WhiteElo "2254"]
[BlackElo "2154"]
[PlyCount "91"]
[EventDate "2009.06.24"]
[EventType "swiss"]
[EventRounds "9"]
[EventCountry "RUS"]
[SourceTitle "EXT 2010"]
[Source "ChessBase"]
[SourceDate "2010.11.25"]
[SourceVersion "1"]
[SourceVersionDate "2010.11.25"]
[SourceQuality "1"]

1. e4 Nf6 2. Nc3 d5 3. exd5 Nxd5 4. Bc4 Nb6 5. Bb3 Nc6 6. Qf3 e6 7. Nge2 a5 8. a4 Be7 9. 0-0 0-0 10. Rd1 e5 11. d4 Nxd4 12. Nxd4 exd4 13. Nb5 Bf6 14. c3 Qe7 15. Nxd4 Bxd4 16. cxd4 c6 17. Qg3 Be6 18. Bg5 f6 19. Re1 Nd5 20. Bh6 Rf7 21. Re2 Qd7 22. Rae1 Re8 23. Bc2 Rfe7 24. h3 Kh8 25. Bd2 b6 26. Qh4 Bg8 27. Rxe7 Rxe7 28. Rxe7 Qxe7 29. Qe4 Qd7 30. Qf5 Qxf5 31. Bxf5 Ne7 32. Bc2 Bd5 33. Bf4 Be6 34. Kf1 Kg8 35. Ke2 Kf7 36. f3 Bc4+ 37. Kf2 g6 38. g4 Ke6 39. h4 Nd5 40. Bd2 Ne7 41. h5 Kd7 42. Kg3 Bf7 43. hxg6 Bxg6 44. Bb3 h5 45. Kh4 hxg4 46. fxg4 1/2-1/2

[Event "Izmailov Memorial op 13th"]
[Site "Tomsk"]
[Date "2009.06.29"]
[Round "6"]
[White "Romanov, Evgeny"]
[Black "Sviridov, Vladislav"]
[Result "1-0"]
[WhiteElo "2589"]
[BlackElo "2154"]
[PlyCount "67"]
[EventDate "2009.06.24"]
[EventType "swiss"]
[EventRounds "9"]
[EventCountry "RUS"]
[SourceTitle "EXT 2010"]
[Source "ChessBase"]
[SourceDate "2010.11.25"]
[SourceVersion "1"]
[SourceVersionDate "2010.11.25"]
[SourceQuality "1"]

1. d4 Nf6 2. c4 e6 3. Nc3 Bb4 4. Nf3 c5 5. g3 0-0 6. Bg2 Ne4 7. Bd2 Nxd2 8. Qxd2 Nc6 9. a3 Bxc3 10. Qxc3 d6 11. 0-0 Qf6 12. Rad1 Rb8 13. b4 b6 14. b5 Na5 15. Qc2 Bb7 16. d5 e5 17. Nd2 Rbe8 18. Be4 Qh6 19. f4 Bc8 20. f5 Bd7 21. Bd3 Rd8 22. Rf3 f6 23. Rdf1 Qh5 24. Ne4 Be8 25. Nf2 Qf7 26. g4 Qd7 27. Ne4 h6 28. Rg3 Kf7 29. h4 Ke7 30. Qd2 Bf7 31. g5 hxg5 32. hxg5 Rh8 33. gxf6+ gxf6 34. Nxf6 1-0

[Event "Izmailov Memorial op 13th"]
[Site "Tomsk"]
[Date "2009.06.27"]
[Round "4"]
[White "Loskutov, Oleg"]
[Black "Sviridov, Vladislav"]
[Result "0-1"]
[WhiteElo "2463"]
[BlackElo "2154"]
[PlyCount "55"]
[EventDate "2009.06.24"]
[EventType "swiss"]
[EventRounds "9"]
[EventCountry "RUS"]
[SourceTitle "EXT 2010"]
[Source "ChessBase"]
[SourceDate "2010.11.25"]
[SourceVersion "1"]
[SourceVersionDate "2010.11.25"]
[SourceQuality "1"]

1. e4 Nf6 2. e5 Nd5 3. d4 d6 4. Nf3 dxe5 5. Nxe5 c6 6. Bc4 Nd7 7. Qf3 N7f6 8. Nc3 Be6 9. Ne2 g6 10. Bb3 Bg7 11. c4 Nb6 12. 0-0 Nfd7 13. Qc3 0-0 14. f4 a5 15. a4 Qc7 16. Be3 c5 17. Nxd7 Bxd7 18. Qd2 cxd4 19. Bxd4 Rfd8 20. Bxg7 Kxg7 21. Qc3+ Kg8 22. c5 Bg4 23. cxb6 Qxb6+ 24. Kh1 Bxe2 25. Rfe1 Rac8 26. Qh3 Bc4 27. Re3 Qd4 28. f5 0-1

[Event "Izmailov Memorial op 13th"]
[Site "Tomsk"]
[Date "2009.06.26"]
[Round "3"]
[White "Sviridov, Vladislav"]
[Black "Saiyn, Zhanat"]
[Result "1-0"]
[WhiteElo "2154"]
[BlackElo "1965"]
[PlyCount "73"]
[EventDate "2009.06.24"]
[EventType "swiss"]
[EventRounds "9"]
[EventCountry "RUS"]
[SourceTitle "EXT 2010"]
[Source "ChessBase"]
[SourceDate "2010.11.25"]
[SourceVersion "1"]
[SourceVersionDate "2010.11.25"]
[SourceQuality "1"]

1. d4 d5 2. c4 c6 3. Nf3 Nf6 4. Qc2 g6 5. Bf4 Bg7 6. e3 Bf5 7. Qb3 Qb6 8. c5 Qxb3 9. axb3 0-0 10. h3 Nbd7 11. b4 a6 12. Nc3 Rfe8 13. Be2 Rac8 14. g4 Be4 15. 0-0 h6 16. Nd2 g5 17. Bg3 e5 18. Nb3 exd4 19. exd4 Nf8 20. Na5 Re7 21. Bd6 Rd7 22. Na4 Ne8 23. Nb6 Nxd6 24. Nxd7 Nxd7 25. cxd6 Rb8 26. Nb3 Bf8 27. Nc5 Nf6 28. f4 Kg7 29. fxg5 hxg5 30. Rxf6 Bg6 31. Raf1 Re8 32. Bd3 Re1 33. Rxe1 Kxf6 34. Bxg6 fxg6 35. d7 Be7 36. Nxb7 a5 37. Rxe7 1-0

[Event "Tula Region Sports School-ch"]
[Site "Tula"]
[Date "2008.10.10"]
[Round "?"]
[White "Krivobokov, Aleksey"]
[Black "Sviridov, Vladislav"]
[Result "0-1"]
[WhiteElo "2082"]
[BlackElo "2174"]
[PlyCount "82"]
[EventDate "2008.10.10"]
[EventType "tourn"]
[EventRounds "9"]
[EventCountry "RUS"]
[SourceTitle "EXT 2022"]
[Source "ChessBase"]
[SourceDate "2021.10.06"]
[SourceVersion "1"]
[SourceVersionDate "2021.10.06"]
[SourceQuality "1"]

1. e4 e6 2. d4 d5 3. e5 c5 4. c3 Nc6 5. Nf3 Qb6 6. a3 c4 7. Nbd2 Na5 8. Be2 Bd7 9. Nf1 Be7 10. Ng3 g6 11. 0-0 h5 12. h4 Nb3 13. Rb1 Nxc1 14. Qxc1 Ba4 15. Bd1 Bxd1 16. Rxd1 Nh6 17. Ng5 Kf8 18. Qf4 Kg7 19. Re1 Qd8 20. Rbd1 b5 21. Nf1 Nf5 22. g3 a5 23. Ne3 Bxg5 24. Nxf5+ gxf5 25. hxg5 Kg6 26. Kg2 Qxg5 27. Qxg5+ Kxg5 28. f4+ Kg6 29. Rh1 Rab8 30. Kf3 Rb7 31. Rh2 b4 32. axb4 axb4 33. Ra1 Rb6 34. Ke3 bxc3 35. bxc3 Rhb8 36. Rc1 Rb2 37. Rhc2 Rxc2 38. Rxc2 Rb1 39. Kf3 Rd1 40. Kg2 h4 41. Kh3 Kh5 0-1

[Event "RUS-chT Clubs U18"]
[Site "Rybinsk"]
[Date "2008.08.03"]
[Round "2.45"]
[White "Sviridov, Vladislav"]
[Black "Loskutov, Sviatoslav"]
[Result "1/2-1/2"]
[WhiteElo "2198"]
[BlackElo "2071"]
[PlyCount "106"]
[EventDate "2008.08.02"]
[EventType "team"]
[EventRounds "9"]
[EventCountry "RUS"]
[SourceTitle "EXT 2020"]
[Source "ChessBase"]
[SourceDate "2019.10.17"]
[SourceVersion "1"]
[SourceVersionDate "2019.10.17"]
[SourceQuality "1"]

1. e4 c5 2. c3 d5 3. exd5 Qxd5 4. d4 Nc6 5. Nf3 Bg4 6. Be2 e6 7. h3 Bh5 8. 0-0 Nf6 9. Be3 cxd4 10. cxd4 Be7 11. Nc3 Qd6 12. a3 0-0 13. Qb3 a6 14. Rfd1 Rfd8 15. Rac1 h6 16. Rd2 Rac8 17. g4 Bg6 18. Qxb7 Na5 19. Qxa6 Nb3 20. Qxd6 Bxd6 21. Rdd1 Nxc1 22. Rxc1 Nd5 23. Nxd5 Rxc1+ 24. Bxc1 exd5 25. Bd2 Rc8 26. Bc3 Bxa3 27. Ne5 Bxb2 28. Bxb2 Rc2 29. Bf3 Rxb2 30. Bxd5 Rb6 31. Kh2 Rd6 32. Bb3 Kf8 33. Nxg6+ Rxg6 34. Kg3 Ke7 35. f3 Rd6 36. d5 Rb6 37. Bc2 Kd6 38. Be4 Ke5 39. h4 f6 40. h5 Rb2 41. Bh7 Rd2 42. Be4 Re2 43. Bd3 Re1 44. Kf2 Ra1 45. Be4 Kf4 46. Ke2 Ke5 47. Kf2 Ra2+ 48. Ke3 Ra3+ 49. Kf2 Kd4 50. d6 Ra2+ 51. Kg3 Ke3 52. d7 Rd2 53. Bf5 Rd1 1/2-1/2

[Event "RUS-chT Clubs U18"]
[Site "Rybinsk"]
[Date "2008.08.02"]
[Round "1"]
[White "Shukh, Nikolai"]
[Black "Sviridov, Vladislav"]
[Result "1/2-1/2"]
[WhiteElo "2370"]
[BlackElo "2198"]
[PlyCount "137"]
[EventDate "2008.08.02"]
[EventType "team"]
[EventRounds "9"]
[EventCountry "RUS"]
[SourceTitle "CBM 125 Extra"]
[Source "ChessBase"]
[SourceDate "2008.09.01"]
[SourceVersion "1"]
[SourceVersionDate "2008.09.01"]
[SourceQuality "1"]

1. e4 e6 2. d4 d5 3. Nc3 Nf6 4. Bd3 b6 5. exd5 exd5 6. Bf4 Bd6 7. Qe2+ Be6 8. Bxd6 Qxd6 9. Nf3 0-0 10. 0-0 Bg4 11. Qe3 Bxf3 12. Qxf3 c6 13. Ne2 Nbd7 14. Ng3 g6 15. c3 Rfe8 16. Rfe1 Rxe1+ 17. Rxe1 Re8 18. Rxe8+ Nxe8 19. h4 h5 20. Qe3 Ng7 21. Nf1 Nf6 22. g3 Ng4 23. Qe2 Qe6 24. Qd2 Nf5 25. Qf4 Nd6 26. f3 Nf6 27. Qe5 Kg7 28. Ne3 Nc8 29. Qxe6 fxe6 30. Ng2 Ne7 31. Nf4 Kf7 32. Kf2 Nd7 33. Be2 e5 34. dxe5 Nxe5 35. g4 hxg4 36. fxg4 Ng8 37. g5 Ne7 38. h5 gxh5 39. Bxh5+ Kg8 40. Bd1 Nf5 41. Bc2 Nd6 42. b3 Ndf7 43. Ne6 Nd6 44. Ke3 Nb5 45. Kf4 Nd7 46. c4 dxc4 47. bxc4 Nd6 48. Ba4 b5 49. cxb5 cxb5 50. Bb3 Kh7 51. Bc2+ Kg8 52. g6 Nf8 53. Nxf8 Kxf8 54. Ke5 Ne8 55. Kd5 Nc7+ 56. Kc6 Ne6 57. Bb1 Nd4+ 58. Kc5 Ne2 59. a3 Nc3 60. Bd3 a6 61. Kb6 Na4+ 62. Ka5 Nb2 63. Be2 Kg7 64. Kxa6 Nc4 65. Bd3 Nxa3 66. Ka5 Nc4+ 67. Bxc4 bxc4 68. Kb4 Kxg6 69. Kxc4 1/2-1/2

[Event "Tula CC-ch"]
[Site "Tula"]
[Date "2007.12.26"]
[Round "9"]
[White "Sviridov, Vladislav"]
[Black "Manaenkov, Vladimir Nikolaevic"]
[Result "0-1"]
[WhiteElo "2162"]
[BlackElo "2211"]
[PlyCount "88"]
[EventDate "2007.12.08"]
[EventType "swiss"]
[EventRounds "9"]
[EventCountry "RUS"]
[SourceTitle "CBM 122 Extra"]
[Source "ChessBase"]
[SourceDate "2008.03.04"]
[SourceVersion "1"]
[SourceVersionDate "2008.03.04"]
[SourceQuality "1"]

1. d4 Nf6 2. Nf3 c5 3. d5 e6 4. c4 exd5 5. cxd5 d6 6. Nc3 g6 7. g3 Bg7 8. Bg2 0-0 9. 0-0 a6 10. a4 Nbd7 11. Nd2 Re8 12. Nc4 Ne5 13. Na3 Rb8 14. f4 Neg4 15. e4 Nh5 16. Bf3 Bd4+ 17. Kg2 f5 18. exf5 Ngf6 19. Ne2 Be3 20. Bxe3 Rxe3 21. fxg6 hxg6 22. Nc2 Rb3 23. Ra2 Qd7 24. Nc3 Qh3+ 25. Kg1 Bg4 26. Bxg4 Nxg4 27. Qe2 Nhf6 28. Qg2 Qxg2+ 29. Kxg2 Re8 30. h3 Ne3+ 31. Nxe3 Rxe3 32. Kf2 Rd3 33. Re1 Kf7 34. Re6 Nxd5 35. Rxd6 Nxf4 36. Rxd3 Nxd3+ 37. Ke3 Nb4 38. Ra3 Nc2+ 39. Kd3 Nxa3 40. bxa3 Rxa3 41. Kc4 Rxc3+ 42. Kxc3 b5 43. axb5 axb5 44. h4 g5 0-1

[Event "Tula CC-ch"]
[Site "Tula"]
[Date "2007.12.24"]
[Round "7"]
[White "Krivobokov, Aleksey"]
[Black "Sviridov, Vladislav"]
[Result "0-1"]
[WhiteElo "2067"]
[BlackElo "2162"]
[PlyCount "72"]
[EventDate "2007.12.08"]
[EventType "swiss"]
[EventRounds "9"]
[EventCountry "RUS"]
[SourceTitle "CBM 122 Extra"]
[Source "ChessBase"]
[SourceDate "2008.03.04"]
[SourceVersion "1"]
[SourceVersionDate "2008.03.04"]
[SourceQuality "1"]

1. e4 e6 2. d4 d5 3. Nd2 Nf6 4. e5 Nfd7 5. Bd3 c5 6. c3 Nc6 7. Ne2 cxd4 8. cxd4 f6 9. exf6 Nxf6 10. Nf3 Bd6 11. 0-0 0-0 12. Bg5 Qc7 13. Nc3 a6 14. Bh4 g6 15. Bg3 Nh5 16. Bxd6 Qxd6 17. Rc1 Qb4 18. Qb3 Qxb3 19. axb3 Nf4 20. Be2 Nxe2+ 21. Nxe2 Bd7 22. Nc3 Rxf3 23. gxf3 Nxd4 24. Rcd1 Nxf3+ 25. Kg2 Rf8 26. Kg3 Bc6 27. Na2 d4 28. Nb4 Bb5 29. Rh1 Be2 30. Rc1 Nd2 31. Rhe1 Ne4+ 32. Kg2 Rxf2+ 33. Kh3 g5 34. Rg1 h5 35. Rc8+ Kg7 36. Rc7+ Kh6 0-1

[Event "Novi Sad U20 op"]
[Site "Novi Sad"]
[Date "2007.08.22"]
[Round "5"]
[White "Sviridov, Vladislav"]
[Black "Burg, Brent"]
[Result "0-1"]
[WhiteElo "2177"]
[BlackElo "2023"]
[PlyCount "96"]
[EventDate "2007.08.18"]
[EventType "swiss"]
[EventRounds "9"]
[EventCountry "YUG"]
[SourceTitle "CBM 120 Extra"]
[Source "ChessBase"]
[SourceDate "2007.11.01"]
[SourceVersion "1"]
[SourceVersionDate "2007.11.01"]
[SourceQuality "1"]

1. e4 d6 2. d4 Nf6 3. Nc3 Nbd7 4. Be3 c6 5. f3 e5 6. Bc4 Be7 7. a4 Qc7 8. Nge2 h6 9. Qd2 Rg8 10. h4 Qa5 11. Kf2 exd4 12. Nxd4 Ne5 13. Be2 Be6 14. Nxe6 fxe6 15. g4 d5 16. Nxd5 Nexg4+ 17. Kg1 Qxd2 18. Nxf6+ gxf6 19. Bxd2 Ne3+ 20. Kf2 Nxc2 21. Rac1 Bc5+ 22. Kf1 Ne3+ 23. Ke1 Bd4 24. Bc4 Nxc4 25. Rxc4 Be5 26. Bxh6 Bxb2 27. Kf2 0-0-0 28. Be3 Be5 29. h5 f5 30. exf5 exf5 31. h6 Rd7 32. h7 Rh8 33. Rc5 f4 34. Rxe5 fxe3+ 35. Kxe3 Rhxh7 36. Rxh7 Rxh7 37. f4 Kd7 38. Ke4 Re7 39. a5 b6 40. a6 Kd6 41. Rxe7 Kxe7 42. Ke5 b5 43. f5 b4 44. f6+ Kf7 45. Kd6 b3 46. Kxc6 b2 47. Kb7 b1Q+ 48. Kxa7 Qb5 0-1

[Event "Novi Sad U20 op"]
[Site "Novi Sad"]
[Date "2007.08.22"]
[Round "6"]
[White "Sviridov, Vladislav"]
[Black "Mocanu, Sergiu"]
[Result "1/2-1/2"]
[WhiteElo "2177"]
[BlackElo "2008"]
[PlyCount "59"]
[EventDate "2007.08.18"]
[EventType "swiss"]
[EventRounds "9"]
[EventCountry "YUG"]
[SourceTitle "CBM 120 Extra"]
[Source "ChessBase"]
[SourceDate "2007.11.01"]
[SourceVersion "1"]
[SourceVersionDate "2007.11.01"]
[SourceQuality "1"]

1. d4 Nf6 2. c4 d6 3. Nf3 Nbd7 4. Nc3 e5 5. g3 g6 6. Bg2 Bg7 7. 0-0 0-0 8. b3 c6 9. Bb2 Re8 10. d5 c5 11. Nd2 a6 12. Nce4 Nxe4 13. Nxe4 Nf6 14. Nxf6+ Bxf6 15. a4 a5 16. e4 Bg7 17. f4 exf4 18. Bxg7 Kxg7 19. Rxf4 Qe7 20. Qd2 f6 21. Raf1 Rf8 22. Qc3 Bd7 23. h3 Qe5 24. Qxe5 fxe5 25. Rxf8 Rxf8 26. Rxf8 Kxf8 27. Kf2 Kg7 28. g4 g5 29. Kg3 Kf6 30. Bf3 1/2-1/2

[Event "Novi Sad U20 op"]
[Site "Novi Sad"]
[Date "2007.08.21"]
[Round "4"]
[White "Roganovic, Milos"]
[Black "Sviridov, Vladislav"]
[Result "1-0"]
[WhiteElo "2329"]
[BlackElo "2177"]
[PlyCount "126"]
[EventDate "2007.08.18"]
[EventType "swiss"]
[EventRounds "9"]
[EventCountry "YUG"]
[SourceTitle "CBM 120 Extra"]
[Source "ChessBase"]
[SourceDate "2007.11.01"]
[SourceVersion "1"]
[SourceVersionDate "2007.11.01"]
[SourceQuality "1"]

1. e4 e5 2. Nf3 Nf6 3. Nxe5 d6 4. Nf3 Nxe4 5. Bd3 Nf6 6. 0-0 Be7 7. c3 0-0 8. h3 d5 9. Bc2 Nc6 10. d4 Ne4 11. Re1 f5 12. Nbd2 Bf6 13. Nf1 Qd6 14. Ne3 Be6 15. c4 Ne7 16. Ne5 c6 17. f3 Ng3 18. c5 Qc7 19. Nf1 Nxf1 20. Kxf1 Rae8 21. Bf4 Qc8 22. Qd2 h6 23. Bg3 Bg5 24. Qd3 g6 25. h4 Bf6 26. Re2 Kg7 27. f4 h5 28. Rae1 Bd7 29. Bf2 Ng8 30. Qg3 Ne7 31. b4 a6 32. a4 Kh7 33. Qb3 Ng8 34. Bd3 Bd8 35. b5 axb5 36. axb5 Nf6 37. bxc6 Bxc6 38. Rb2 Ne4 39. g3 Re7 40. Ra1 Rg8 41. Be1 Rc7 42. Ba5 Re7 43. Bxd8 Qxd8 44. Kg2 Rc7 45. Ra7 Qe7 46. Qb6 Rgc8 47. Nxc6 bxc6 48. Qxc6 Rxa7 49. Qxc8 Nxg3 50. c6 Qxh4 51. Rb7+ Rxb7 52. Qxb7+ Kh6 53. Qb8 Kh7 54. Qc7+ Kg8 55. Qc8+ Kh7 56. Qd7+ Kh6 57. Qd6 Qg4 58. Qf8+ Kh7 59. Qe7+ Kg8 60. Qg5 Qd1 61. Qxg6+ Kf8 62. Qxg3 Qd2+ 63. Kh3 Qc3 1-0

[Event "RUS-chT Clubs U18"]
[Site "Rybinsk"]
[Date "2007.08.08"]
[Round "7.35"]
[White "Sviridov, Vladislav"]
[Black "Pranizin, Gennady"]
[Result "1/2-1/2"]
[WhiteElo "2177"]
[BlackElo "1906"]
[PlyCount "91"]
[EventDate "2007.08.02"]
[EventType "team-swiss"]
[EventRounds "9"]
[EventCountry "RUS"]
[SourceTitle "EXT 2022"]
[Source "ChessBase"]
[SourceDate "2021.10.06"]
[SourceVersion "1"]
[SourceVersionDate "2021.10.06"]
[SourceQuality "1"]

1. e4 e5 2. Nf3 Nc6 3. Nc3 Nf6 4. d4 exd4 5. Nxd4 Bb4 6. Nxc6 bxc6 7. Bd3 d5 8. exd5 cxd5 9. 0-0 0-0 10. Bg5 c6 11. Na4 Qd6 12. c3 Ba5 13. Bh4 Bg4 14. Qc2 Bc7 15. Bg3 Qd8 16. Bxc7 Qxc7 17. Nc5 h6 18. b4 Nd7 19. Nxd7 Qxd7 20. Rfe1 Rfe8 21. f3 Be6 22. Qf2 Qd6 23. Qd4 Rec8 24. Qc5 Qf4 25. Re2 Rc7 26. a4 Rd8 27. Rd1 Ra8 28. a5 Rd8 29. Bc2 Rdc8 30. Re3 Rb8 31. g3 Qg5 32. f4 Qg4 33. Rde1 Rb5 34. Qd6 Rc8 35. f5 Bxf5 36. Re8+ Rxe8 37. Rxe8+ Kh7 38. Qxc6 Bxc2 39. Qxb5 Be4 40. Qf1 Qd7 41. Rf8 f6 42. Qf4 Qh3 43. Qf1 Qd7 44. Qf4 Qh3 45. Qf2 Qg4 46. Qf1 1/2-1/2

[Event "RUS-chT Clubs U18"]
[Site "Rybinsk"]
[Date "2007.08.07"]
[Round "6.23"]
[White "Omariev, Maksim"]
[Black "Sviridov, Vladislav"]
[Result "1-0"]
[WhiteElo "2182"]
[BlackElo "2177"]
[PlyCount "61"]
[EventDate "2007.08.02"]
[EventType "team-swiss"]
[EventRounds "9"]
[EventCountry "RUS"]
[SourceTitle "EXT 2022"]
[Source "ChessBase"]
[SourceDate "2021.10.06"]
[SourceVersion "1"]
[SourceVersionDate "2021.10.06"]
[SourceQuality "1"]

1. d4 d5 2. c4 c6 3. Nf3 Nf6 4. e3 e6 5. Bd3 Nbd7 6. 0-0 Be7 7. Nbd2 0-0 8. e4 dxe4 9. Nxe4 Nxe4 10. Bxe4 Nf6 11. Bc2 c5 12. Bg5 cxd4 13. Qd3 g6 14. Rad1 b6 15. Nxd4 Bb7 16. Qh3 Qc7 17. Qh4 Nd5 18. cxd5 Bxg5 19. Qxg5 e5 20. d6 Qc5 21. b4 Qc3 22. Qxe5 Rfe8 23. Qf6 Re6 24. Qf4 g5 25. Qxg5+ Kh8 26. Rd3 Qb2 27. Rh3 Qxc2 28. Nxc2 Rg8 29. Qxg8+ Kxg8 30. Rd1 Rg6 31. Rg3 1-0